Normal view
MARC view
Entry Topical Term
001 - CONTROL NUMBER
- control field: 21923
003 - CONTROL NUMBER IDENTIFIER
- control field: OSt
005 - DATE AND TIME OF LATEST TRANSACTION
- control field: 20210209105833.0
008 - FIXED-LENGTH DATA ELEMENTS
- fixed length control field: 210209|| aca||aabn | a|a d
040 ## - CATALOGING SOURCE
- Original cataloging agency: OSt
- Transcribing agency: OSt
150 ## - HEADING--TOPICAL TERM
- Topical term or geographic name entry element: Women workers, Caste, Rural village study, Work participation, Unemployment, Time-use survey, NREGS Agricultural employment, Gender gap in wage rates, India, PARI
670 ## - SOURCE DATA FOUND
- Source citation: Work cat.: (OSt): Swaminathan, Madhura. 21922, Contemporary features of rural workers in India with a focus on gender and caste
